00768nam a2200229Ia 4500003000400000005001700004008004100021020001500062040001800077041000800095082001800103100002700121245009300148250001200241260003700253300001400290650003200304700002700336942003000363999001900393952012600412OSt20241113103117.0210716s2003 xx 000 0 und d a0071234357 cAIMIT LIBRARY aeng a005.74 bATZP aAtzeni, Paolo.9185139 aDatabase systems: bconcepts languages and architectures /cBy Paolo Atzeni ...[et.al.]. a1st ed. aNew York :bMcGraw Hill ,c2003. axxiii,612 aDatabase Management9185140 aCeri, Stefano.9185141 2ddccBKe1stk005.74 ATZP c186097d186097 001040708MCAaAIMITbAIMITeBook Worldg1159.00l0o005.74 ATZPpMCA05605r2026-05-23 00:00:00v985.15w2021-07-16yBK